000 nam a22 7a 4500
999 _c51875
_d51875
003 OSt
005 20220519155906.0
008 220519b xxu||||| |||| 00| 0 eng d
040 _cIIMT UNIVERSITY MEERUT
100 _aDAVIDSON'S / RALSTON , STUART H
245 _aDAVIDSON'S PRINCIPLES AND PRACTICE OF MEDICINE
250 _a23RD
260 _aNEW DELHI
_bELSEVIER
_c14-05-2022
300 _a1417
942 _2ddc
_c01